Statistiques concernant Célébrités décédées en 2022

Cliquez ici pour prendre le quiz!

Statistiques générales

  • Ce quiz a été pris 196 fois
  • Le résultat moyen est 6 sur 20

Statistiques - réponses

Réponse% Correct
Elizabeth II
93%
Jean-Pierre Pernaut
93%
Pelé
78%
Igor Bogdanoff
73%
Gaspard Ulliel
57%
Benoît XVI
48%
Mikhaïl Gorbatchev
35%
Régine
35%
Daniel Lévi
30%
Jean-Louis Trintignant
20%
Jean-Luc Godard
19%
Michel Bouquet
14%
Pierre Soulages
12%
Sidney Poitier
11%
Jean-Jacques Beineix
8%
Ray Liotta
8%
James Caan
5%
Jerry Lee Lewis
4%
Irene Cara
2%
Nino Cerruti
2%

Distribution des résultats

Percentile par nombre de réponses

% des personnes avec chaque résultat

Votre développement - résultats

Vous n’avez pas pris ce quiz